000 00379nam a22001697a 4500
005 20160627113553.0
008 160627b xxu||||| |||| 00| 0 eng d
020 _a0-00-651378-6
041 _aeng
082 _b10445
100 _aO'Brian, Patrick
_92895
245 _aBlue at the Mizzen
260 _bRupa
_c1999
300 _a262
650 _aManagement
_9241
942 _cBK
999 _c4211
_d4210